1119 1537 1216 1658 1031 1608 1541 1226 1923 1334 1921 1547 1185 1230 1038 1426 1652 1124 1248 1532 1719 1790 1239 1692 1129 1149 1984 1816 1371 1290 1637 1568 1680 1157 1474 1207 1829 1453 1013 1229 1172 1193 1074 1323 1055 1856 1330 1981 1115 1938 1827 1784 1143 1723 1383 1298 1330 1710 1501 1851 1647 1249 1128 1988 1368 1834 1070 1850 1855 1370 1524 1792 1160 1259 1535 1217 1815 1159 1697 1187 1072 1258 1639 1357 1679 1730 1396 1057 1023 1217 1425 1741 1902 1183 1047 1662 1392 1263 1027 BCNSPRNW ULIB Ver.6.0+V

เปลี่ยนเป็นภาษาไทย

Change to English
 แสดงรายละเอียดบรรณานุกรม
  กลับหน้าหลัก

Brief Record : Get Marc (ISO 2709) : E-mail record : QR code < ปิดหน้าต่าง
LEADER : 00000nam 2200000uu 4500
001    13399114092
003     ULIB
008    120216s2553||||th 000 0 tha d
020    ^a9789740651246
060 04 ^aWY32^bส226พ
110 2  ^aสภาการพยาบาล
245 10 ^aพระราชบัญญัติวิชาชีพการพยาบาลและการผดุงครรภ์ พ.ศ.2528และที่แก้ไขเพิ่มเติมโดยพระราชบัญญัติวิชาชีพการพยาบาลและการผดุงครรภ์ (ฉบับที่ 2) พ.ศ.2540 และข้อบังคับระเบียบ ประกาศสภาการพยาบาล /^cสภาการพยาบาล
250    ^aพิมพ์ครั้งที่ 2
260    ^aกรุงเทพฯ :^bศิริยอการพิมพ์,^c2553
300    ^a299 หน้า ;^c29 ซม.
650  4 ^aการพยาบาล^xกฎหมายและระเบียบข้อบังคับ
945    ^p250^l0^i18693
945    ^p250^l0^i18694
945    ^p250^l0^i18695
945    ^p250^l0^i18696
945    ^p250^l0^i18697
995    ^aเกษร
999    ^aใช้งานได้ทุกระบบ
รายการนี้ยังไม่มีแท็ก
คุณยังไม่ได้ล็อกอิน คุณสามารถมีกิจกรรมร่วมกับเว็บไซต์ได้ แต่ต้องล็อกอินก่อน ::
  ล็อกอิน

รายการสื่อสารสนเทศ

ลำดับที่ ประเภท เลขเรียก/บาร์โค้ด สถานที่ สถานะ
1. วิทยาศาสตร์การแพทย์ และสุขภาพ
หนังสือสำรอง
สถานะ=หนังสือสำรอง
WY32 ส226พ ฉ.1 
  Barcode: 18693
ห้องสมุดวิทยาเขตนครสวรรค์
►ส่วนจัดเก็บหนังสือเก่า นว.
บนชั้น
  ขอยืม
2. วิทยาศาสตร์การแพทย์ และสุขภาพ
วิทยาศาสตร์การแพทย์ และสุขภาพ
WY32 ส226พ ฉ.2 
  Barcode: 18694
ห้องสมุดวิทยาเขตนครสวรรค์
►ส่วนจัดเก็บหนังสือเก่า นว.
บนชั้น
  ขอยืม
3. วิทยาศาสตร์การแพทย์ และสุขภาพ
วิทยาศาสตร์การแพทย์ และสุขภาพ
WY32 ส226พ ฉ.3 
  Barcode: 18695
ห้องสมุดวิทยาเขตนครสวรรค์
►ส่วนจัดเก็บหนังสือเก่า นว.
บนชั้น
  ขอยืม
4. วิทยาศาสตร์การแพทย์ และสุขภาพ
วิทยาศาสตร์การแพทย์ และสุขภาพ
WY32 ส226พ ฉ.4 
  Barcode: 18696
ห้องสมุดวิทยาเขตนครสวรรค์
►ส่วนจัดเก็บหนังสือเก่า นว.
บนชั้น
  ขอยืม
5. วิทยาศาสตร์การแพทย์ และสุขภาพ
วิทยาศาสตร์การแพทย์ และสุขภาพ
WY32 ส226พ ฉ.5 
  Barcode: 18697
ห้องสมุดวิทยาเขตนครสวรรค์
►ส่วนจัดเก็บหนังสือเก่า นว.
บนชั้น
  ขอยืม

รายการใกล้เคียง
    หัวเรื่อง [การพยาบาล กฎหมายและระเบียบข้อบังคับ]

BibComment


ยังไม่เคยถูกคอมเมนท์

คอมเมนท์ทรัพยากรรายการนี้
  คอมเมนท์: พระราชบัญญัติวิช..


 Copyright 2026. Bcnsprnw @Library